000 00945nam a2200205 i 4500
001 83080
003 ES-MaACL
005 20250603171456.0
007 t|
008 041115m19741978sp ||||1| spa d
080 _a314.9(460)"1970"
245 0 0 _aEvaluación de la calidad de los censos generales de 1970.
260 _aMadrid :
_bInstituto Nacional de Estadística,
_c[1974-1978]
300 _a4 v. ;
_c29 cm.
505 8 _aContiene: 1. Análisis de cobertura en los censos de edificios y viviendas (51 p., 1 h. pleg.) -- 2. Análisis de la cobertura y del contenido en el censo de población (VIII, 77 p., 1 h. pleg.) -- 3. Análisis del contenido de los censos de edificios y viviendas (VIII, 75 p., 1 h. pleg.) -- 4. Censo de población . Errores de muestreo (325 p.)
651 7 _aEspaña-
_xCensos
_2
_9155755
710 2 _aInstituto Nacional de Estadística (España)
_95162
852 4 _aES-MaACL
_jP-1434
999 _c83080
_d83080